000 00314nam a22001097a 4500
008 230626b xxu||||| |||| 00| 0 eng d
082 _23
_a328.35
_bHOA 1964
245 _aManual of Procedure in the Business of the House of Assembly
260 _aNassau
_bHouse of Assembly
_c1964
300 _a178p
942 _2ddc
_cBK
999 _c2622
_d2622